000
00267nam a2200109Ia 4500
008
190216s9999||||xx |||||||||||||| ||und||
100
_a
Nekragor
245
0
_a
Practial Organic Chemistry(A Basic Course)
260
_b
Mir Pubs Moscow
650
_a
Chemistry
942
_c
BK
999
_c
2110
_d
2110